Missing Word: 1989 Movies Quiz Stats

Quiz Updated Nov 22, 2014

Challenge
Share
Tweet
Embed
Score 0/20 Timer 04:00
1 Play Today
Hint Answer % Correct
Back to the _______ Part IIFuture
99.3%
When Harry ______ SallyMet
98.9%
Honey, I ______ the KidsShrunk
96.8%
Dead ______ SocietyPoets
96.1%
All Dogs Go to ______Heaven
95.6%
Driving ______ DaisyMiss
94.6%
____ the Right ThingDo
93.1%
Look Who's ______Talking
90.2%
_______ MagnoliasSteel
89.2%
Indiana Jones and the Last ________Crusade
87.4%
Hint Answer % Correct
_______ of DreamsField
87%
My Left _______Foot
79.9%
Uncle _______Buck
76.4%
______ AnythingSay
70.4%
______ and MisdemeanorsCrimes
69.3%
The ______ Baker BoysFabulous
64.7%
Chances _____Are
62.6%
The Little ________Mermaid
57.7%
Christmas ______ Vacation
42.9%
Kiki's _______ ServiceDelivery
26.7%

Today's Daily Dose

You're not logged in!

Compare scores with friends on all Sporcle quizzes.
Join for Free
OR
Log In

You Might Also Like...

Show Comments

Extras

Top Quizzes Today


Score Distribution

Your Account Isn't Verified!

In order to create a playlist on Sporcle, you need to verify the email address you used during registration. Go to your Sporcle Settings to finish the process.

Report this User

Report this user for behavior that violates our Community Guidelines.

Details: